000 00638cam a22001931 4500
001 000003109
005 20250404124919.0
008 730706s1980 mx 011 u spa
040 _aDO-SdBNP
_bspa
_cBNPHU
082 _axx
_bF363h
100 1 _aFernandez, Sergio E.
_99786
245 0 0 _aHomenajes: a Sor Juana, a Lopez Velarde, a Jose Gorostiza /
_cSergio Fernandez.
260 _aMexico :
_bSep Diana,
_c1980.
300 _a187 p. ;
_c16 cm.
490 0 _aSepSetentas,
_v36
600 1 0 _aJuana Inés de la Cruz,
_cSor,
_d1651-1695
_99787
600 1 0 _aLopez Velarde, Ramon,
_d1888-1921.
_99788
600 1 0 _aGorostiza, Jose,
_d1901-1973.
_99789
999 _c2940
_d2940